000 00582nam a2200169 a 4500
008 120416s1988 ||||||||||||||||| || u
050 _aTH 438 Dia
100 _aDiamant, Leo
245 1 0 _aConstruction superintendent's job guide
250 _a2nd ed.
260 _aNew York
_bJohn Wiley and Sons
_c1988
300 _axiii, 160p. , ill
350 _a0.00
650 _aBUILDING--SUPRITENDANCE
650 _aARCHITECTRURE--ZAMBIA
995 _D0.00
_FCBU-MAIN LIBRARY (Kitwe)
_H1
_I25.75
_M1
_UDAMAGED
_ZMain Library Open Access Collection
999 _c38562
_d38562